00430 2200181 4500001002100000005001500021008004100036020001800077035001900095041000700114082001000121090001600131100001700147245001700164260002900181300001800210650002000228INLIS00000000001622620241224115102241224||||||||| | ||| |||| || |  a979-752-603-8 0010-1224016226 aid0 a612.8 a612.8 REN m0 aRenny Yuniar00aMataku Sehat aBandungbDAR Mizanc2008 a33hlm;20x20cm 0aIlmu Kedokteran